Logique - Mort Subite #9 - Statistiques

Statistiques générales
  • Ce quiz a été pris 314 fois
  • Le résultat moyen est 7 sur 20
Answers on the Grid
Answers color-coded by a green-red scale on the quiz's grid according to % correct below.
Cahier
Grazie
Triste
Mercenaire
Thanks
Loving
Rivière
Gracias
Danke
Hvala
Uppercut
Merci
Ni hao
13,5,18,3,9
Icrem
Abricot
Faleminderit
Terima Kasih
Arigato
Choukran
Chenorhakaloutioun
Mercredi
Obrigado
Crime
Mercantour
Tesekkür
Bedankt
Spaciba
Fiction
Nieuwjaar
Xièxie
Trugarez
 
Statistiques - réponses
Réponse % Correct
Thanks
73%
Grazie
66%
Gracias
60%
Merci
59%
Danke
58%
Obrigado
48%
Arigato
43%
Choukran
42%
Hvala
28%
Spaciba
28%
Xièxie
26%
Tesekkür
24%
Bedankt
21%
Chenorhakaloutioun
18%
Icrem
18%
Terima Kasih
18%
13,5,18,3,9
15%
Faleminderit
13%
Trugarez
12%
Crime
4%
Aucun quiz correspondant
Distribution des résultats
% des personnes avec chaque résultat
Percentile par nombre de réponses
Votre historique - résultats
Vous n’avez pas pris ce quiz